| 000 | 00676nam a2200181Ia 4500 | ||
|---|---|---|---|
| 008 | 190511s9999 xx 000 0 und d | ||
| 100 | _aMace, John H. | ||
| 245 | _aDemonstrating conceptual clustering in autobiographical memory with voluntary recall task: More evidence for the conceptual organization view / | ||
| 245 | _cJohn H. Mace and Austin J. Hall.-- | ||
| 260 | _bUniversity of Illinois Press | ||
| 260 | _c2018 | ||
| 300 | _aPages 283-293, Fall 2018 | ||
| 440 |
_aJournal of Psychology _v131 (3) |
||
| 650 | _aAutobiographical memory | ||
| 650 | _aAutobiographical memory organization | ||
| 650 | _aEpisodic memory | ||
| 650 | _aepisodic memory oraganization | ||
| 999 |
_c361835 _d361835 |
||